All Animal Crossing New Horizons Villagers - Statistics

General Stats
  • This quiz has been taken 211 times
  • The average score is 171 of 413
Answer Stats
Answer % Correct
Al
77%
Marina
74%
Bea
73%
Raymond
73%
Alli
70%
Zucker
70%
Octavian
68%
Cherry
67%
Lily
67%
Bob
65%
Rod
65%
Tangy
65%
Bill
64%
Rosie
64%
Tia
64%
Apollo
63%
Audie
63%
Fauna
63%
Julia
63%
Lucky
63%
Goldie
62%
Molly
62%
Agent S
61%
Beau
61%
Marshal
61%
Ankha
60%
Flo
60%
Bluebear
58%
Judy
58%
Maple
58%
Stitches
58%
Violet
58%
Bones
57%
Julian
57%
Nan
57%
Phil
57%
Rocket
57%
Vic
57%
Ace
56%
Apple
56%
Kitt
56%
Beardo
55%
Bubbles
55%
Cephalobot
55%
Tom
55%
Zoe
55%
Admiral
54%
Agnes
54%
Billy
54%
Cheri
54%
Chops
54%
Coco
54%
Dom
54%
Kid Cat
54%
Wolfgang
54%
Bertha
52%
Bitty
52%
Kiki
52%
Ribbot
52%
Alfonso
51%
Annalisa
51%
Annalise
51%
Bam
51%
Francine
51%
Henry
51%
Ketchup
51%
Patty
51%
Quillson
51%
Renée
51%
Rilla
51%
Sherb
51%
Sprocket
51%
Victoria
51%
Anabelle
50%
Ava
50%
Bunnie
50%
Chrissy
50%
Eloise
50%
Kitty
50%
Lolly
50%
Merengue
50%
Muffy
50%
Phoebe
50%
Pinky
50%
Tipper
50%
Alice
49%
Amelia
49%
Biff
49%
Chai
49%
Flora
49%
Hamlet
49%
Kidd
49%
Naomi
49%
Peck
49%
Reneigh
49%
Roald
49%
Sasha
49%
Whitney
49%
Willow
49%
Winnie
49%
Big Top
48%
Cookie
48%
Diva
48%
Gayle
48%
Jay
48%
Norma
48%
Peanut
48%
Pecan
48%
Tad
48%
Tammi
48%
Becky
46%
Bella
46%
Boots
46%
Chadder
46%
Monique
46%
Pietro
46%
Shino
46%
Sprinkle
46%
Tammy
46%
Toby
46%
Antonio
45%
Barold
45%
Camofrog
45%
Carmen
45%
Chester
45%
Dei
45%
Ed
45%
Frita
45%
Hopper
45%
Joey
45%
June
45%
Katt
45%
Ken
45%
Nana
45%
Puddles
45%
Roscoe
45%
Sally
45%
Zell
45%
Angus
44%
Aurora
44%
Drago
44%
Ellie
44%
Goose
44%
Marty
44%
Merry
44%
Mira
44%
Pashmina
44%
Punchy
44%
Queenie
44%
Ruby
44%
Static
44%
Tabby
44%
Wendy
44%
Bonbon
43%
Cube
43%
Egbert
43%
Freya
43%
Harry
43%
Ione
43%
Lucy
43%
Mint
43%
Olivia
43%
Anicotti
42%
Bianca
42%
Chow
42%
Daisy
42%
Derwin
42%
Dobie
42%
Elise
42%
Elmer
42%
Étoile
42%
Flurry
42%
Lionel
42%
Lyman
42%
Marcie
42%
Moe
42%
Opal
42%
Ozzie
42%
Rodney
42%
Skye
42%
Sly
42%
Snooty
42%
Teddy
42%
Anchovy
40%
Benedict
40%
Benjamin
40%
Bettina
40%
Boone
40%
Boyd
40%
Buck
40%
Butch
40%
Cyd
40%
Diana
40%
Dizzy
40%
Drake
40%
Fang
40%
Gloria
40%
Gwen
40%
Megan
40%
Pekoe
40%
Pudge
40%
Rodeo
40%
Wart Jr.
40%
Yuka
40%
Avery
39%
Blanche
39%
Chevre
39%
Coach
39%
Cranston
39%
Cyrano
39%
Friga
39%
Fuchsia
39%
Gigi
39%
Groucho
39%
Huck
39%
Jitters
39%
Maggie
39%
Margie
39%
Melba
39%
Olive
39%
Quinn
39%
Rasher
39%
Roswell
39%
Sydney
39%
Astrid
38%
Axel
38%
Azalea
38%
Cally
38%
Canberra
38%
Chelsea
38%
Colton
38%
Deena
38%
Eunice
38%
Felicity
38%
Frank
38%
Grizzly
38%
Jacob/Jakey
38%
Maddie
38%
Mallary
38%
Marlo
38%
Scoot
38%
Snake
38%
Sylvia
38%
T-Bone
38%
Tutu
38%
Bruce
37%
Caroline
37%
Cashmere
37%
Chabwick
37%
Charlise
37%
Claudia
37%
Deli
37%
Dotty
37%
Faith
37%
Gladys
37%
Hamphrey
37%
Hans
37%
Hazel
37%
Jambette
37%
Knox
37%
Limberg
37%
Lobo
37%
Monty
37%
Nibbles
37%
Pate
37%
Paula
37%
Rudy
37%
Stinky
37%
Tank
37%
Tiansheng
37%
Velma
37%
Walker
37%
Walt
37%
Biskit
36%
Carrie
36%
Celia
36%
Cesar
36%
Chief
36%
Cousteau
36%
Dora
36%
Elvis
36%
Erik
36%
Eugene
36%
Filbert
36%
Flip
36%
Frobert
36%
Genji
36%
Hopkins
36%
Ike
36%
Kyle
36%
Leonardo
36%
Lopez
36%
Mac
36%
Maelle
36%
Moose
36%
Pango
36%
Paolo
36%
Plucky
36%
Poppy
36%
Portia
36%
Prince
36%
Rory
36%
Stu
36%
Tucker
36%
Twiggy
36%
Baabara
35%
Candi
35%
Drift
35%
Gabi
35%
Gala
35%
Hornsby
35%
Jacques
35%
Jeremiah
35%
Kabuki
35%
Miranda
35%
Olaf
35%
Peaches
35%
Puck
35%
Spike
35%
Stella
35%
Sterling
35%
Vesta
35%
Bangle
33%
Broffina
33%
Doc
33%
Frett
33%
Leopold
33%
Lucha
33%
Mitzi
33%
Murphy
33%
Peewee
33%
Poncho
33%
Robin
33%
Rocco
33%
Vivian
33%
Vladimir
33%
Boomer
32%
Bud
32%
Buzz
32%
Claude
32%
Clay
32%
Freckles
32%
Gaston
32%
Iggly
32%
Kody
32%
Petri
32%
Rhonda
32%
Ricky
32%
Rio
32%
Sandy
32%
Shari
32%
Sheldon
32%
Shep
32%
Tybalt
32%
Ursala
32%
Blaire
31%
Bree
31%
Cole
31%
Gonzo
31%
Hippeux
31%
Hugh
31%
Klaus
31%
O'Hare
31%
Papi
31%
Penelope
31%
Piper
31%
Rooney
31%
Soleil
31%
Sparro
31%
Tasha
31%
Timbra
31%
Wade
31%
Curlos
30%
Curly
30%
Curt
30%
Gruff
30%
Peggy
30%
Rowan
30%
Samson
30%
Marcel
29%
Pancetti
29%
Pompom
29%
Rizzo
29%
Tex
29%
Tiffany
29%
Clyde
27%
Cobb
27%
Graham
27%
Greta
27%
Keaton
27%
Midge
27%
Raddle
27%
Rex
27%
Rolf
27%
Sylvana
27%
Truffles
27%
Boris
26%
Broccolo
26%
Cleo
26%
Croque
26%
Kevin
26%
Louie
26%
Mott
26%
Nate
26%
Pierce
26%
Pippy
26%
Weber
26%
Savannah
25%
Spork / Crackle
25%
Simon
21%
Deidre
18%
Purri
5%
Mathila
2%
No matching quizzes found
Score Distribution
Percent of People with Each Score
Percentile by Number Answered
Your Score History
You have not taken this quiz